• 首页
  • 本馆介绍
  • 公告通知
  • 最新文献
  • 馆藏检索
  • 电子资源
  • 读者导购
  • 参考咨询
  • 我的图书馆
  • 登录
  • 详细信息显示
  • 放入我的书架
  • 预约/预借图书
  • 作者相关作品
  • 分类相关作品
  • 丛书相关作品
  • 出版社相关作品

书目信息

  • 表格格式
  • 工作单格式
  • 卡片格式
题名:
固体激光工程
    
 
作者: 克希耐尔 著 ;孙文 译
分册:  
出版信息: 北京   科学出版社  2002
页数: 12,650页
开本: 24cm
丛书名:
单 册:
中图分类: TN248.1
科图分类:
主题词: 固体激光器
电子资源:
ISBN: 7-03-010361-0
000 01036nam0 2200277 450
000 01043nam0 2200277 450
000 00973nam0 2200253 450
000 00936nam0 2200241 45
005 20070525153122.51
010    @a7-03-010361-0@dCNY68.00
100    @a20070418d2002 em y0chiy0120 ea
101 1  @achi@ceng
102    @aCN@b110000
105    @ay z 000yy
200 1  @a固体激光工程@AGu Ti Ji Guang Gong Cheng@f(美)W.克希耐尔(Walter Koechner)著@F( Mei )W. Ke Xi Nai Er (Walter Koechner) Zhu@g孙文等译
210    @a北京@c科学出版社@d2002
215    @a12,650页@d24cm
304    @aW.克希耐尔(Walter Koechner),电气工程博士,Fibertek公司总裁,著有《固体激光工程》等。
330    @a《固体激光工程》从工业应用的角度详细论述了固体激光器的特性、设计、结构和性能,重点是工程与实际应用等。
510 1  @aSolid-State Laser Engineering@zeng
606 0  @a固体激光器
690    @aTN248.1@v4
701  1 @a克希耐尔@AKe Xi Nai Er@gW.@4著
702  0 @a孙文@ASun Wen@4译
801  0 @aCN@bTAOJIN@c20070525
905    @a10447@dTN248.1@e75
    
    固体激光工程/(美)W.克希耐尔(Walter Koechner)著/孙文等译.-北京:科学出版社,2002
    12,650页;24cm
    
    
    ISBN 7-03-010361-0:CNY68.00
    《固体激光工程》从工业应用的角度详细论述了固体激光器的特性、设计、结构和性能,重点是工程与实际应用等。
●
相关链接 在E读中查询图书 在五车中查询图书 在当当中查询图书 在豆瓣中查询图书


正题名:固体激光工程     索取号:TN248.1/75         预约/预借

序号 登录号 条形码 馆藏地/架位号 状态 备注
1 0522784   205227841   第二样本阅览室/ [索取号:TN248.1/75] 在馆    
唐山师范学院图书馆 欢迎您!
大连网信软件有限公司© 版权所有